000 00294nam a22001337a 4500
008 170424b xxu||||| |||| 00| 0 eng d
020 _a00793
041 _aeng
080 _a54
100 _a12
101 _aSHM
245 _aPHYSICAL CHEMISTRY OF SURFACES
_cADAMSON, A.W
942 _2udc
_cBK
999 _c11827
_d11827